书目信息 |
| 题名: |
生态农庄与生态园区实用技术
|
|
| 作者: | 张放 主编 | |
| 分册: | ||
| 出版信息: | 北京 化学工业出版社 2006 |
|
| 页数: | 317页 | |
| 开本: | 21cm | |
| 丛书名: | 生态工程技术丛书 | |
| 单 册: | ||
| 中图分类: | S181 | |
| 科图分类: | ||
| 主题词: | 生态农业 | |
| 电子资源: | ||
| ISBN: | 7-5025-9092-7 | |
| 000 | 00982oam2 2200289 450 | |
| 001 | 012004079593 | |
| 005 | 20070720104828.57 | |
| 009 | 012004079593 | |
| 010 | @a7-5025-9092-7@dCNY25.00 | |
| 035 | @a(110017)062002067507 | |
| 100 | @a20061013d2006 em y0chiy0110 ea | |
| 101 | 0 | @achi |
| 102 | @aCN@b110000 | |
| 105 | @ay z 000yy | |
| 106 | @ar | |
| 200 | 1 | @a生态农庄与生态园区实用技术@Asheng tai nong zhuang yu sheng tai yuan ou shi yong ji shu@f张放主编@Fzhang fang zhu bian |
| 210 | @a北京@c化学工业出版社@d2006 | |
| 215 | @a317页@d21cm | |
| 225 | 2 | @a生态工程技术丛书@Asheng tai gong cheng ji shu cong shu |
| 330 | @a本书在介绍当前生态农业发展的基础上,结合实际工作经验,对生态农庄和生态农业园区的规划、生产,从理论和实践上进行了探讨。 | |
| 461 | 0 | @12001 @a生态工程技术丛书 |
| 606 | 0 | @a生态农业 |
| 690 | @aS181@v4 | |
| 701 | 0 | @a张放@Azhang fang@4主编 |
| 801 | 0 | @aCN@b110017@c20070720 |
| 905 | @dS181@e64@f5 | |
| 999 | @s0.00@Gjiang@g20061020 10:56:22 | |
| 生态农庄与生态园区实用技术/张放主编.-北京:化学工业出版社,2006 |
| 317页;21cm.-(生态工程技术丛书) |
| ISBN 7-5025-9092-7:CNY25.00 |
| 本书在介绍当前生态农业发展的基础上,结合实际工作经验,对生态农庄和生态农业园区的规划、生产,从理论和实践上进行了探讨。 |
| ● |
| 相关链接 |
|
|
|
|
正题名:生态农庄与生态园区实用技术
索取号:S181/64
 
预约/预借
| 序号 | 登录号 | 条形码 | 馆藏地/架位号 | 状态 | 备注 |
| 1 | 0850077 | 208500772 | 第二样本阅览室/ [索取号:S181/64] | 在馆 | |
| 2 | 0850078 | 208500781 | 第三借阅区/ [索取号:S181/64] | 在馆 | |
| 3 | 0850079 | 208500790 | 第三借阅区/ [索取号:S181/64] | 在馆 | |
| 4 | 0850080 | 208500807 | 第三借阅区/ [索取号:S181/64] | 在馆 | |
| 5 | 0850081 | 208500816 | 第三借阅区/ [索取号:S181/64] | 在馆 |